000
00408nam a2200133Ia 4500
008
100328s9999 xx 000 0 und d
082
_b
17439
100
_a
रंजीत कर्नल
245
_a
चांदी की मछली
260
_b
शिक्षा भारती
630
_a
चांदी की मछली
730
_a
चांदी की मछली
942
_c
BOOK
999
_c
512014
_d
512011